| 000 | 00567nam a2200205Ia 4500 | ||
|---|---|---|---|
| 001 | 15213 | ||
| 003 | GE_BSU | ||
| 008 | 181216s||||||||xx |||||||||||||| ||und|| | ||
| 040 | _cGE_BSU | ||
| 080 | _a821.353.1-2 | ||
| 100 | _aშერვაშიძე, ამირან | ||
| 245 | _aპიესები | ||
| 245 | _cრედ.ც.წუწუნავა | ||
| 260 | _aბათუმი | ||
| 260 | _bსახელგამი | ||
| 260 | _c1959 | ||
| 300 | _a348გვ.1ფ.პორტრ.20სმ. | ||
| 653 | _aპიესები | ||
| 942 | _cBK | ||
| 999 |
_c48325 _d48325 |
||